Medal Table Summer Olympics - Volleyball - Statistics

General Stats
  • This quiz has been taken 73 times
  • The average score is 17 of 23
Answer Stats
Gold Silver Bronze Total Countries % Correct
1 3 2 6 Russia
98%
0 1 0 1 Russian Olympic Committee
98%
4 4 5 13 United States
98%
5 4 3 12 Brazil
97%
1 3 3 7 Italy
97%
3 1 2 6 China
94%
0 0 2 2 Argentina
91%
2 0 0 2 France
91%
3 3 3 9 Japan
89%
1 1 2 4 Poland
89%
0 1 1 2 Serbia
86%
7 4 1 12 Soviet Union
86%
1 1 0 2 Netherlands
84%
3 0 2 5 Cuba
81%
0 0 1 1 South Korea
81%
0 1 1 2 Bulgaria
72%
0 0 1 1 Romania
67%
0 1 1 2 Czechoslovakia
63%
0 2 0 2 East Germany
52%
0 1 0 1 Peru
42%
0 0 1 1 North Korea
34%
0 1 0 1 Unified Team
23%
1 0 1 2 Serbia and Montenegro
9%
No matching quizzes found
Score Distribution
Percent of People with Each Score
Percentile by Number Answered
Your Score History
You have not taken this quiz